[Event "SVK-chT1E 2223"]
[Site "Slovakia"]
[Date "2023.03.12"]
[Round "11.3"]
[White "Contos, Vaclav"]
[Black "Ihnat, Marek1"]
[Result "1/2-1/2"]
[WhiteElo "2126"]
[BlackElo "2095"]
[PlyCount "39"]
[EventDate "2022.10.15"]
[EventType "team-tourn"]
[EventRounds "11"]
[EventCountry "SVK"]
[SourceTitle "EXT 2024"]
[Source "ChessBase"]
[SourceDate "2023.10.10"]
[SourceVersion "1"]
[SourceVersionDate "2023.10.10"]
[SourceQuality "1"]
[WhiteTeam "Kezmarok KdV"]
[BlackTeam "Michalovce Zemplin"]
[WhiteTeamCountry "SVK"]
[BlackTeamCountry "SVK"]

1. e4 c5 2. Ne2 Nc6 3. c4 g6 4. d4 cxd4 5. Nxd4 Nf6 6. Nc3 d6 7. Be2 Nxd4 8. Qxd4 Bg7 9. Be3 0-0 10. Qd2 a5 11. f3 a4 12. 0-0 Qa5 13. Rfd1 Be6 14. Rab1 Rfc8 15. b3 axb3 16. axb3 Nd7 17. Nd5 Bxd5 18. Qxd5 Qxd5 19. Rxd5 Ra2 20. Kf1 1/2-1/2

[Event "Pardubice rapid op 33rd"]
[Site "Pardubice"]
[Date "2022.07.20"]
[Round "2"]
[White "Hrabal, Matej"]
[Black "Contos, Vaclav"]
[Result "0-1"]
[WhiteElo "1950"]
[BlackElo "2143"]
[PlyCount "154"]
[EventDate "2022.07.20"]
[EventType "swiss (rapid)"]
[EventRounds "9"]
[EventCountry "CZE"]
[SourceTitle "CBM 209 Extra"]
[Source "ChessBase"]
[SourceDate "2022.09.30"]
[SourceVersion "1"]
[SourceVersionDate "2022.09.30"]
[SourceQuality "1"]

1. e4 c6 2. d4 d5 3. Nc3 dxe4 4. Nxe4 Nf6 5. Nxf6+ exf6 6. Nf3 Bd6 7. Bd3 0-0 8. 0-0 Nd7 9. Re1 Re8 10. Rxe8+ Qxe8 11. c3 Nf8 12. h3 Ng6 13. Qc2 Be6 14. Be3 Qd7 15. Re1 Rd8 16. b3 Kf8 17. c4 Nf4 18. Bxf4 Bxf4 19. Be4 g6 20. d5 cxd5 21. cxd5 Bxd5 22. Qc5+ Qd6 23. Qxd6+ Rxd6 24. g3 Bxe4 25. Rxe4 Bc1 26. Rc4 Bb2 27. Rc7 Rb6 28. Nd2 Be5 29. Rc8+ Kg7 30. Nc4 Rc6 31. Re8 Bc7 32. Re4 Re6 33. Rd4 Re7 34. a4 Be5 35. Rd3 Bc7 36. Rd4 a6 37. Rd5 Kf8 38. Kg2 Ke8 39. Nd6+ Bxd6 40. Rxd6 Re6 41. Rd3 Rb6 42. Kf3 Rb4 43. Ke3 f5 44. f4 Ke7 45. Rc3 Kf6 46. h4 Kg7 47. Rd3 Kh6 48. Rc3 Kh5 49. Kf3 f6 50. Rd3 g5 51. fxg5 fxg5 52. hxg5 Kxg5 53. Rc3 h5 54. Kg2 h4 55. gxh4+ Kxh4 56. Kf3 Kg5 57. Kg3 Rg4+ 58. Kf3 Rh4 59. Kg3 Rb4 60. Kf3 Kf6 61. Ke3 Ke5 62. Rc5+ Kd6 63. Rc3 Kd5 64. Rd3+ Ke5 65. Rc3 b6 66. Rd3 Rh4 67. Kf2 Rh2+ 68. Kg3 Rc2 69. Re3+ Kd4 70. Re6 Rc3+ 71. Kf4 Rxb3 72. a5 bxa5 73. Kxf5 a4 74. Rxa6 a3 75. Kf4 Kc3 76. Ke3 Kb2+ 77. Kd2 a2 0-1

[Event "CZE-chT2B 2122"]
[Site "Czech Republic"]
[Date "2021.12.19"]
[Round "5.3"]
[White "Contos, Vaclav"]
[Black "Bauer, Jindrich"]
[Result "1-0"]
[WhiteElo "2129"]
[BlackElo "2099"]
[PlyCount "85"]
[EventDate "2021.10.17"]
[EventType "team-tourn"]
[EventRounds "11"]
[EventCountry "CZE"]
[SourceTitle "EXT 2025"]
[Source "ChessBase"]
[SourceDate "2024.10.14"]
[SourceVersion "1"]
[SourceVersionDate "2024.10.14"]
[SourceQuality "1"]
[WhiteTeam "Karlovy Vary Tietz"]
[BlackTeam "Kolesovice Cesky Lev"]
[WhiteTeamCountry "CZE"]
[BlackTeamCountry "CZE"]

1. d4 Nf6 2. c4 e6 3. Nc3 Bb4 4. Qc2 c5 5. dxc5 Na6 6. g3 Nxc5 7. Bg2 0-0 8. Bd2 Qb6 9. a3 Qa6 10. Rc1 Bxc3 11. Bxc3 Qa4 12. Qxa4 Nxa4 13. Bb4 Nxb2 14. Bxf8 Kxf8 15. Nh3 Rb8 16. c5 Na4 17. 0-0 b6 18. cxb6 axb6 19. Nf4 Ba6 20. Rc2 Ke7 21. Rb1 d5 22. Rb4 b5 23. Rc7+ Nd7 24. Ra7 Nac5 25. Nd3 Nxd3 26. exd3 Rb6 27. a4 Kd6 28. d4 Nb8 29. axb5 Bxb5 30. Rxf7 Nc6 31. Rb1 Nxd4 32. Bf1 Kc5 33. Bxb5 Nxb5 34. Rxg7 d4 35. Rxh7 Nc3 36. Rxb6 Kxb6 37. Kf1 e5 38. Ke1 e4 39. Rh5 Kc6 40. h4 Kd6 41. Rh8 Na2 42. Rd8+ Kc5 43. h5 1-0

[Event "CZE-chT2B 2122"]
[Site "Czech Republic"]
[Date "2021.11.07"]
[Round "2.5"]
[White "Korsa, Jindrich"]
[Black "Contos, Vaclav"]
[Result "1/2-1/2"]
[WhiteElo "2072"]
[BlackElo "2129"]
[PlyCount "69"]
[EventDate "2021.10.17"]
[EventType "team-tourn"]
[EventRounds "11"]
[EventCountry "CZE"]
[SourceTitle "EXT 2025"]
[Source "ChessBase"]
[SourceDate "2024.10.14"]
[SourceVersion "1"]
[SourceVersionDate "2024.10.14"]
[SourceQuality "1"]
[WhiteTeam "Podborany"]
[BlackTeam "Karlovy Vary Tietz"]
[WhiteTeamCountry "CZE"]
[BlackTeamCountry "CZE"]

1. e4 e5 2. Nf3 Nf6 3. Nc3 Nc6 4. Bb5 Bd6 5. d3 h6 6. Ne2 Ne7 7. Ng3 c6 8. Ba4 Bc7 9. 0-0 0-0 10. Re1 a5 11. c4 d6 12. Bd2 Be6 13. Qe2 Ng6 14. Rad1 c5 15. Be3 Qc8 16. Nd2 Bd8 17. Nb1 Nh7 18. Nc3 Bg5 19. Nd5 Bxd5 20. cxd5 Ne7 21. Bxg5 hxg5 22. Qh5 g6 23. Qe2 Kg7 24. Rc1 Qd8 25. Qc2 Ng8 26. Qb3 Qe7 27. Qb5 Nhf6 28. a3 Rfb8 29. Rc3 Ne8 30. Qc4 Nc7 31. Bb5 Nf6 32. b4 axb4 33. axb4 Nxb5 34. Qxb5 b6 35. Qc6 1/2-1/2

[Event "CZE-chT2B 2122"]
[Site "Czech Republic"]
[Date "2021.10.17"]
[Round "1.4"]
[White "Vales, Vaclav"]
[Black "Contos, Vaclav"]
[Result "1/2-1/2"]
[WhiteElo "2098"]
[BlackElo "2129"]
[PlyCount "65"]
[EventDate "2021.10.17"]
[EventType "team-tourn"]
[EventRounds "11"]
[EventCountry "CZE"]
[SourceTitle "EXT 2025"]
[Source "ChessBase"]
[SourceDate "2024.10.14"]
[SourceVersion "1"]
[SourceVersionDate "2024.10.14"]
[SourceQuality "1"]
[WhiteTeam "Decin"]
[BlackTeam "Karlovy Vary Tietz"]
[WhiteTeamCountry "CZE"]
[BlackTeamCountry "CZE"]

1. d4 d5 2. c4 c6 3. Nf3 Nf6 4. Nc3 a6 5. cxd5 cxd5 6. Bf4 Nc6 7. Rc1 Qb6 8. Na4 Qb4+ 9. Bd2 Qd6 10. e3 Ne4 11. Nb6 Rb8 12. Nxc8 Rxc8 13. Bd3 Nxd2 14. Qxd2 e6 15. 0-0 Be7 16. Rc3 0-0 17. Rfc1 Ra8 18. a3 Bf6 19. Bb1 g6 20. Rc5 Rfd8 21. Ba2 Qd7 22. Ne1 Be7 23. R5c3 Rac8 24. Nd3 Bd6 25. Nc5 Bxc5 26. Rxc5 Ne7 27. Qa5 Rc6 28. Rxc6 Nxc6 29. Qb6 Ne7 30. g3 Rc8 31. Rc5 Rc6 32. Rxc6 Nxc6 33. Bb3 1/2-1/2

[Event "Tatranska Lomnica Tatry op"]
[Site "Tatranska Lomnica"]
[Date "2021.10.08"]
[Round "8"]
[White "Striskova, Lucia"]
[Black "Contos, Vaclav"]
[Result "0-1"]
[WhiteElo "1923"]
[BlackElo "2129"]
[PlyCount "127"]
[EventDate "2021.10.02"]
[EventType "swiss"]
[EventRounds "9"]
[EventCountry "SVK"]
[SourceTitle "EXT 2023"]
[Source "ChessBase"]
[SourceDate "2022.10.05"]
[SourceVersion "1"]
[SourceVersionDate "2022.10.05"]
[SourceQuality "1"]

1. e4 c6 2. d4 d5 3. Nc3 dxe4 4. Nxe4 Nf6 5. Nxf6+ exf6 6. c3 Bd6 7. Bd3 0-0 8. Qc2 h6 9. Ne2 Nd7 10. 0-0 Re8 11. Ng3 Qc7 12. Bd2 Nf8 13. Rfe1 Bd7 14. Rxe8 Rxe8 15. Re1 Rxe1+ 16. Bxe1 Ne6 17. Bd2 Nf4 18. Bf5 Bxf5 19. Nxf5 Ng6 20. g3 Ne7 21. Nxe7+ Qxe7 22. Qd3 Qe6 23. b3 f5 24. Qe3 Qg6 25. Qd3 h5 26. Kg2 h4 27. c4 Qh5 28. h3 hxg3 29. fxg3 Qd1 30. c5 Bc7 31. Qe3 Qc2 32. a3 Kf8 33. Kf1 Qa2 34. a4 Qb1+ 35. Be1 Ba5 36. Qe5 Kg8 37. Kf2 Bxe1+ 38. Qxe1 Qxb3 39. Qe8+ Kh7 40. Qd7 Qc2+ 41. Kg1 Qe4 42. h4 Qd5 43. Qxb7 Qxd4+ 44. Kh2 Qxa4 45. Qxf7 Qc2+ 46. Kh3 Qxc5 47. Qh5+ Kg8 48. Qe8+ Qf8 49. Qxc6 Qf7 50. Qc5 Qd7 51. Kg2 Kh7 52. Qa5 g6 53. Kf3 Qd1+ 54. Ke3 Qg1+ 55. Kd2 Qxg3 56. Qxa7+ Kh6 57. Qe7 f4 58. Qf8+ Kh5 59. Qh8+ Kg4 60. Qf6 Kh3 61. h5 gxh5 62. Qf5+ Qg4 63. Qd3+ Kh2 64. Ke1 0-1

[Event "Tatranska Lomnica Tatry op"]
[Site "Tatranska Lomnica"]
[Date "2021.10.03"]
[Round "3"]
[White "Contos, Vaclav"]
[Black "Motuz, Karol"]
[Result "0-1"]
[WhiteElo "2129"]
[BlackElo "2330"]
[PlyCount "76"]
[EventDate "2021.10.02"]
[EventType "swiss"]
[EventRounds "9"]
[EventCountry "SVK"]
[SourceTitle "EXT 2023"]
[Source "ChessBase"]
[SourceDate "2022.10.05"]
[SourceVersion "1"]
[SourceVersionDate "2022.10.05"]
[SourceQuality "1"]

1. d4 Nf6 2. c4 g6 3. Nc3 c5 4. Nf3 Bg7 5. e4 0-0 6. Be2 d6 7. 0-0 Bg4 8. Be3 Nfd7 9. Qd2 Bxf3 10. Bxf3 Nc6 11. d5 Nd4 12. Bd1 Qa5 13. Rc1 a6 14. b3 b5 15. Ne2 Qxd2 16. Bxd2 b4 17. Be3 Nxe2+ 18. Bxe2 a5 19. f4 a4 20. Bg4 Nb6 21. e5 axb3 22. axb3 Ra3 23. Bd1 Rc8 24. exd6 exd6 25. f5 Be5 26. fxg6 hxg6 27. Rf3 Nd7 28. h4 Nf6 29. Rh3 Re8 30. g4 Ne4 31. h5 Nc3 32. Bh6 Bd4+ 33. Kf1 Ra2 34. Rf3 Rh2 35. hxg6 fxg6 36. Bf4 Rh1+ 37. Kg2 Rg1+ 38. Kh2 Nxd1 0-1

[Event "Pardubice op rapid 32nd"]
[Site "Pardubice"]
[Date "2021.07.22"]
[Round "5"]
[White "Splichal, Petr"]
[Black "Contos, Vaclav"]
[Result "1/2-1/2"]
[WhiteElo "1951"]
[BlackElo "2147"]
[PlyCount "96"]
[EventDate "2021.07.21"]
[EventType "swiss (rapid)"]
[EventRounds "9"]
[EventCountry "CZE"]
[SourceTitle "CBM 203 Extra"]
[Source "ChessBase"]
[SourceDate "2021.09.30"]
[SourceVersion "1"]
[SourceVersionDate "2021.09.30"]
[SourceQuality "1"]

1. d4 c5 2. d5 Nf6 3. c4 b5 4. cxb5 a6 5. b6 d6 6. Nc3 g6 7. e4 Qxb6 8. Be2 Bg7 9. Nf3 0-0 10. 0-0 a5 11. Nd2 Nbd7 12. Nc4 Qc7 13. a4 Nb6 14. Nb5 Qb7 15. Qc2 Bd7 16. Nxb6 Qxb6 17. Bf4 Ne8 18. Rad1 Nc7 19. Nxc7 Qxc7 20. b3 Qb7 21. Bc4 Bd4 22. Rfe1 Qb8 23. Be3 Bxe3 24. Rxe3 f6 25. Rg3 Qe8 26. h4 Kh8 27. Qd2 Qf7 28. f4 Rfd8 29. Qc3 Be8 30. Rf1 Qg7 31. h5 Bf7 32. hxg6 hxg6 33. Kf2 Kg8 34. Rh1 Kf8 35. Rgh3 Bg8 36. Rf3 Rdb8 37. e5 Ke8 38. exd6 exd6 39. Re1+ Kf8 40. Rfe3 Re8 41. Rxe8+ Rxe8 42. Rxe8+ Kxe8 43. Qxa5 Qh6 44. Bb5+ Kf8 45. Qd8+ Kg7 46. Qe7+ Bf7 47. Be8 Qxf4+ 48. Kg1 Qd4+ 1/2-1/2

[Event "CZE-chT2B 1920"]
[Site "Czech Republic"]
[Date "2020.06.28"]
[Round "11.5"]
[White "Contos, Vaclav"]
[Black "Bauer, Jindrich"]
[Result "1/2-1/2"]
[WhiteElo "2160"]
[BlackElo "2105"]
[PlyCount "86"]
[EventDate "2019.10.13"]
[EventType "team-tourn"]
[EventRounds "11"]
[EventCountry "CZE"]
[SourceTitle "EXT 2024"]
[Source "ChessBase"]
[SourceDate "2023.10.10"]
[SourceVersion "1"]
[SourceVersionDate "2023.10.10"]
[SourceQuality "1"]
[WhiteTeam "Karlovy Vary Tietz"]
[BlackTeam "Kolesovice Cesky Lev"]
[WhiteTeamCountry "CZE"]
[BlackTeamCountry "CZE"]

1. d4 Nf6 2. c4 e6 3. Nc3 Bb4 4. Qc2 0-0 5. Bg5 d5 6. e3 b6 7. cxd5 exd5 8. Bd3 h6 9. Bh4 c5 10. Nf3 c4 11. Be2 Bxc3+ 12. bxc3 g5 13. Bg3 Nc6 14. Ne5 Nxe5 15. Bxe5 Ne4 16. f3 Nd6 17. Bxd6 Qxd6 18. 0-0 b5 19. Rae1 a5 20. e4 Qg6 21. Qb2 Rb8 22. exd5 Bf5 23. g4 Bd3 24. Kf2 b4 25. Bxd3 Qxd3 26. Re3 bxc3 27. Qxc3 Qxc3 28. Rxc3 Rb2+ 29. Kg3 Rxa2 30. Rxc4 Rd8 31. Rc5 Kg7 32. f4 a4 33. Ra5 Rd7 34. fxg5 hxg5 35. Rf5 f6 36. Ra6 Ra3+ 37. Rf3 Ra1 38. d6 Kf7 39. d5 Rd1 40. Rxa4 Rxd5 41. h4 gxh4+ 42. Kxh4 R7xd6 43. Rf5 Kg6 1/2-1/2

[Event "CZE-chT2B 1920"]
[Site "Czech Republic"]
[Date "2020.01.12"]
[Round "6.5"]
[White "Muron, Miroslav"]
[Black "Contos, Vaclav"]
[Result "0-1"]
[WhiteElo "2176"]
[BlackElo "2160"]
[PlyCount "120"]
[EventDate "2019.10.13"]
[EventType "team-tourn"]
[EventRounds "11"]
[EventCountry "CZE"]
[SourceTitle "EXT 2024"]
[Source "ChessBase"]
[SourceDate "2023.10.10"]
[SourceVersion "1"]
[SourceVersionDate "2023.10.10"]
[SourceQuality "1"]
[WhiteTeam "Praha Dukla"]
[BlackTeam "Karlovy Vary Tietz"]
[WhiteTeamCountry "CZE"]
[BlackTeamCountry "CZE"]

1. e4 c6 2. Nc3 d5 3. g3 dxe4 4. Nxe4 Bf5 5. Bg2 e6 6. Qe2 Nd7 7. Nf3 Ngf6 8. d3 Be7 9. 0-0 0-0 10. b3 h6 11. Nfd2 Re8 12. Bb2 Bh7 13. f4 Qc7 14. Kh1 Rad8 15. c4 c5 16. Rf2 b6 17. Rg1 Nxe4 18. dxe4 e5 19. f5 Nb8 20. Nf1 Nc6 21. h4 Qd7 22. Qg4 Nd4 23. Ne3 Kh8 24. Qh3 g5 25. Nd5 f6 26. Bf3 Nxf3 27. Rxf3 Kg7 28. Rd3 Bg8 29. Kg2 Bf7 30. Rh1 Rh8 31. Kf2 Qb7 32. Ke3 Rdg8 33. Rhd1 Rd8 34. Qf1 Rhe8 35. R1d2 Bxd5 36. Rxd5 Rxd5 37. exd5 Bd6 38. Ke4 Qf7 39. Qf3 Rg8 40. Rh2 Rh8 41. Bc1 Be7 42. Qd1 Bd6 43. g4 Rh7 44. Qh1 Kg8 45. Rh3 Qg7 46. Bd2 Kh8 47. a3 a5 48. Kd3 Qb7 49. Kc2 Qe7 50. Be3 Qg7 51. Qg1 Qa7 52. hxg5 hxg5 53. Rxh7+ Qxh7 54. b4 cxb4 55. axb4 Bxb4 56. Bxb6 Qh3 57. Be3 a4 58. c5 Qf3 59. d6 Qe2+ 60. Kb1 Qd3+ 0-1

[Event "CZE-chT2B 1920"]
[Site "Czech Republic"]
[Date "2019.12.15"]
[Round "5.4"]
[White "Reitingerova, Iveta"]
[Black "Contos, Vaclav"]
[Result "1/2-1/2"]
[WhiteElo "2044"]
[BlackElo "2160"]
[PlyCount "33"]
[EventDate "2019.10.13"]
[EventType "team-tourn"]
[EventRounds "11"]
[EventCountry "CZE"]
[SourceTitle "EXT 2024"]
[Source "ChessBase"]
[SourceDate "2023.10.10"]
[SourceVersion "1"]
[SourceVersionDate "2023.10.10"]
[SourceQuality "1"]
[WhiteTeam "Litomerice"]
[BlackTeam "Karlovy Vary Tietz"]
[WhiteTeamCountry "CZE"]
[BlackTeamCountry "CZE"]

1. e4 c6 2. d4 d5 3. Nc3 dxe4 4. Nxe4 Nf6 5. Nxf6+ exf6 6. c3 Bd6 7. Bd3 0-0 8. Ne2 Re8 9. 0-0 Nd7 10. Bf4 Nf8 11. Qd2 Bg4 12. f3 Bh5 13. Bxd6 Qxd6 14. Ng3 Bg6 15. f4 Bxd3 16. Qxd3 Rad8 17. Qf3 1/2-1/2

[Event "CZE-chT2B 1920"]
[Site "Czech Republic"]
[Date "2019.11.17"]
[Round "3.5"]
[White "Contos, Vaclav"]
[Black "Hons, Tomas"]
[Result "1-0"]
[WhiteElo "2160"]
[BlackElo "2041"]
[PlyCount "115"]
[EventDate "2019.10.13"]
[EventType "team-tourn"]
[EventRounds "11"]
[EventCountry "CZE"]
[SourceTitle "EXT 2024"]
[Source "ChessBase"]
[SourceDate "2023.10.10"]
[SourceVersion "1"]
[SourceVersionDate "2023.10.10"]
[SourceQuality "1"]
[WhiteTeam "Karlovy Vary Tietz"]
[BlackTeam "Udlice"]
[WhiteTeamCountry "CZE"]
[BlackTeamCountry "CZE"]

1. e4 c5 2. Nf3 e6 3. d4 cxd4 4. Nxd4 Nc6 5. Nxc6 bxc6 6. Bd3 Nf6 7. 0-0 e5 8. c4 Be7 9. Nc3 d6 10. h3 0-0 11. Be3 Be6 12. Qe2 Qa5 13. a3 Rfd8 14. b4 Qc7 15. Rfc1 a6 16. a4 Nd7 17. a5 Qb7 18. Rab1 Bf8 19. f3 h6 20. Na4 Be7 21. b5 c5 22. b6 Nb8 23. Nc3 Nc6 24. Qa2 Rf8 25. Nd5 Bd8 26. Qd2 Rb8 27. Rf1 Nd4 28. f4 f6 29. f5 Bc8 30. Rb2 Qf7 31. g4 Bb7 32. Qg2 Kh7 33. Qg3 Rc8 34. h4 Rg8 35. Rg2 Rb8 36. g5 Qe8 37. Rff2 Qf8 38. gxh6 gxh6 39. Qxg8+ Qxg8 40. Rxg8 Kxg8 41. Bxh6 Kh7 42. Be3 Bc6 43. Rg2 Be8 44. h5 Rb7 45. h6 Rd7 46. Rb2 Rb7 47. Bxd4 exd4 48. Rg2 Rd7 49. Bc2 Rb7 50. Kf2 Bc6 51. Nf4 Rf7 52. Ne6 Be7 53. Rg7+ Rxg7 54. hxg7 Kg8 55. Ke2 d5 56. exd5 Bd7 57. b7 Bd6 58. Nxc5 1-0

[Event "CZE-chT2B 1819"]
[Site "Czech Republic"]
[Date "2019.03.17"]
[Round "10.5"]
[White "Cako, Laszlo"]
[Black "Contos, Vaclav"]
[Result "1-0"]
[WhiteElo "2068"]
[BlackElo "2113"]
[PlyCount "105"]
[EventDate "2018.10.14"]
[EventType "team-tourn"]
[EventRounds "11"]
[EventCountry "CZE"]
[SourceTitle "EXT 2022"]
[Source "ChessBase"]
[SourceDate "2021.10.06"]
[SourceVersion "1"]
[SourceVersionDate "2021.10.06"]
[SourceQuality "1"]
[WhiteTeam "Udlice"]
[BlackTeam "Karlovy Vary Tietz"]
[WhiteTeamCountry "CZE"]
[BlackTeamCountry "CZE"]

1. e4 c6 2. d4 d5 3. e5 Bf5 4. Nd2 e6 5. Nb3 Nd7 6. Nf3 Ne7 7. Be2 Nc8 8. 0-0 Be7 9. Bd2 0-0 10. c4 dxc4 11. Na5 Qc7 12. Nxc4 Ncb6 13. Ba5 Qb8 14. Ne3 Bg6 15. Rc1 Rc8 16. Qb3 Nd5 17. Nxd5 cxd5 18. Bb5 Nf8 19. Qe3 Rxc1 20. Rxc1 a6 21. Be2 b6 22. Bd2 Bh5 23. Qc3 Bxf3 24. Bxf3 a5 25. a3 Ng6 26. Be2 Bd8 27. Qc6 Nf8 28. Bb5 Ra7 29. Qc8 Ra8 30. Qxb8 Rxb8 31. Kf1 Ng6 32. Ke2 Ne7 33. Kd3 Rc8 34. Rc3 Rxc3+ 35. bxc3 Nc8 36. c4 dxc4+ 37. Kxc4 Ne7 38. Ba6 f6 39. f4 Kf7 40. Bb7 Bc7 41. a4 h6 42. Bc3 Nf5 43. Be4 Ne7 44. g4 fxe5 45. dxe5 g6 46. Kb5 Ke8 47. Bd4 g5 48. f5 exf5 49. gxf5 g4 50. f6 Nc8 51. Kc6 Bd8 52. Bg6+ Kf8 53. Kd7 1-0

[Event "CZE-chT2A 1718"]
[Site "Czech Republic"]
[Date "2017.12.03"]
[Round "4.4"]
[White "Filipi, Stepan"]
[Black "Contos, Vaclav"]
[Result "1/2-1/2"]
[WhiteElo "2173"]
[BlackElo "2123"]
[PlyCount "79"]
[EventDate "2017.10.15"]
[EventType "team-tourn"]
[EventRounds "11"]
[EventCountry "CZE"]
[SourceTitle "EXT 2022"]
[Source "ChessBase"]
[SourceDate "2021.10.06"]
[SourceVersion "1"]
[SourceVersionDate "2021.10.06"]
[SourceQuality "1"]
[WhiteTeam "Vysehrad II"]
[BlackTeam "Karlovy Vary Tietz"]
[WhiteTeamCountry "CZE"]
[BlackTeamCountry "CZE"]

1. e4 c6 2. d4 d5 3. exd5 cxd5 4. c3 Nc6 5. Nf3 Nf6 6. Bf4 g6 7. Bd3 Bg7 8. 0-0 0-0 9. Re1 Bg4 10. h3 Bxf3 11. Qxf3 Qb6 12. Na3 a6 13. b4 Rfe8 14. Rab1 Nd8 15. Be5 Qc6 16. Bxf6 Bxf6 17. c4 Bxd4 18. cxd5 Qf6 19. Qxf6 Bxf6 20. Nc4 b5 21. Na5 Ra7 22. Rbc1 Rd7 23. Be4 Bg5 24. Rc2 Bf4 25. Nb3 Bd6 26. Nc5 Ra7 27. Bd3 Nb7 28. a4 bxa4 29. Nxa6 Rea8 30. b5 a3 31. Rec1 Kg7 32. g3 Kf6 33. f4 h5 34. h4 Na5 35. Ra2 Nb3 36. Rc3 Nd4 37. Nc5 Kg7 38. b6 Bxc5 39. Rxc5 Rb7 40. Rc4 1/2-1/2

[Event "CZE-chT2A 1718"]
[Site "Czech Republic"]
[Date "2017.10.15"]
[Round "1.3"]
[White "Ondrejat, Miroslav"]
[Black "Contos, Vaclav"]
[Result "0-1"]
[WhiteElo "1974"]
[BlackElo "2123"]
[PlyCount "64"]
[EventDate "2017.10.15"]
[EventType "team-tourn"]
[EventRounds "11"]
[EventCountry "CZE"]
[SourceTitle "EXT 2022"]
[Source "ChessBase"]
[SourceDate "2021.10.06"]
[SourceVersion "1"]
[SourceVersionDate "2021.10.06"]
[SourceQuality "1"]
[WhiteTeam "Sokolov"]
[BlackTeam "Karlovy Vary Tietz"]
[WhiteTeamCountry "CZE"]
[BlackTeamCountry "CZE"]

1. e4 c6 2. d4 d5 3. Nc3 dxe4 4. Nxe4 Nf6 5. Nxf6+ exf6 6. Nf3 Be7 7. Be2 0-0 8. 0-0 Nd7 9. c4 Re8 10. Qc2 Nf8 11. Rd1 Qc7 12. b3 Ng6 13. g3 Bg4 14. Bb2 Bb4 15. Qd3 Qd7 16. Rdc1 Re7 17. Bf1 Rae8 18. a3 Bf5 19. Qd1 Ba5 20. b4 Bb6 21. a4 Bg4 22. a5 Bxd4 23. Qxd4 Bxf3 24. Qxa7 Nf4 25. h4 Ne2+ 26. Kh2 Nxc1 27. Rxc1 Qd2 28. Qd4 Rd8 29. Qb6 Red7 30. Ba3 h5 31. Kg1 Rd3 32. Bxd3 Rxd3 0-1

[Event "CZE-chT2A 1617"]
[Site "Czech Republic"]
[Date "2017.02.26"]
[Round "9.4"]
[White "Contos, Vaclav"]
[Black "Vondra, Zbynek"]
[Result "1/2-1/2"]
[WhiteElo "2129"]
[BlackElo "2185"]
[PlyCount "91"]
[EventDate "2016.10.09"]
[EventType "team-tourn"]
[EventRounds "11"]
[EventCountry "CZE"]
[SourceTitle "EXT 2022"]
[Source "ChessBase"]
[SourceDate "2021.10.06"]
[SourceVersion "1"]
[SourceVersionDate "2021.10.06"]
[SourceQuality "1"]
[WhiteTeam "Karlovy Vary Tietz"]
[BlackTeam "Kladno"]
[WhiteTeamCountry "CZE"]
[BlackTeamCountry "CZE"]

1. c4 e6 2. Nc3 d5 3. cxd5 exd5 4. d4 Nf6 5. Bg5 Be7 6. e3 0-0 7. Bd3 c6 8. Qc2 Nbd7 9. Nf3 Re8 10. 0-0 h6 11. Bh4 Ne4 12. Bxe7 Qxe7 13. Rae1 Nf8 14. Nd2 Nxd2 15. Qxd2 Qf6 16. b4 a6 17. a4 Bf5 18. b5 Bxd3 19. Qxd3 axb5 20. axb5 Ra3 21. Qd2 Nd7 22. Ra1 Rea8 23. Rxa3 Rxa3 24. Qb2 Ra7 25. Rc1 Qd6 26. Ne2 Nb6 27. bxc6 Nc4 28. c7 Qxc7 29. Qb4 Qa5 30. Qxa5 Rxa5 31. Nc3 Nd2 32. g3 Kf8 33. Kg2 Ke8 34. Rc2 Ne4 35. Nxe4 dxe4 36. f3 exf3+ 37. Kxf3 Kd7 38. h4 Ra6 39. e4 Rf6+ 40. Ke2 Rg6 41. Rc3 b5 42. Rf3 Ke7 43. Kd2 Rg4 44. Re3 Kd6 45. Kc3 g6 46. Kd3 1/2-1/2